000 00975pam a2200313 a 4500
008
020 _a070202502X (hbk.)
049 _aMAIN
090 _aRC847
_bSCH.
100 1 _aScheuer, Peter J.
245 1 0 _aLiver biopsy interpretation /
_cPeter J. Scheuer [and] Jay H. Lefkowitch ; with a foreword by Dame Sheila Sherlock.
250 _a6th ed.
260 _aLondon :
_bW.B. Saunders,
_c2000.
300 _a381 p. :
_bill. (some col.) ;
_c27 cm.
500 _aIncludes index.
504 _aIncludes bibliographical references.
650 0 _aLiver
_xBiopsy.
650 0 _aLiver
_xDiseases
_xDiagnosis.
650 0 _aLiver
_xHistopathology.
650 1 2 _aLiver
_xpathology.
650 1 2 _aBiopsy
_xmethods.
650 2 2 _aLiver Diseases
_xpathology.
700 1 _aLefkowitch, Jay H.
907 _a.b1035587x
_b30-03-15
_c30-03-15
003
005 20230120204150.0
040 _cNUST
942 _cBOOKS
_kRC847
_mSCH.
999 _c118299
_d118299